000 00444nam a22001697a 4500
999 _c174181
_d174181
005 20200519134459.0
010 _aA-842127
020 _c50.00
035 _aA-842127
037 _bDBAD/PUB
082 _a840.8
245 _aمالک رام:
_bایک موطالعہ
246 _aMalik Ram: Ek Mutaleah
260 _aNew Delhi
_bMaktaba Jamia
_c1986
300 _a336p.
_c22cm(Hb)
942 _2ddc
_cUR
_h840.8
_mم ا ل